000 00385nam a22001577a 4500
003 OSt
005 20211002135132.0
008 211002b |||||||| |||| 00| 0 eng d
020 _a9789380428192
040 _cHU
082 _a333.950954/BIO
245 _aBIODIVERSITY AND ECOLOGY
260 _aNARENDRA PUBLISHING HOUSE
_bNEW DELHI
_c2010.
300 _a428p.
942 _2ddc
_cBOOKS
_n0
999 _c8737
_d8737